Star Wars Obi-Wan Kenobi (2022 Series) Characters (Disney Plus) - Statistics

General Stats
  • This quiz has been taken 67 times
  • The average score is 5 of 16
Answer Stats
Actor/ Actress Star Wars Character % Correct
Hayden Christensen Anakin Skywalker/ Darth Vader
100%
Ewan McGregor Obi-Wan Kenobi/ Ben Kenobi
100%
Moses Ingram Third Sister/ Reva
69%
Rupert Friend The Grand Inquisitor
51%
Sung Kung Fifth Brother
46%
Joel Edgerton Owen Lars
44%
Bonnie Piesse Beru Lars
41%
Rya Kihlstedt Fourth Sister
20%
Viven Lyra Blair Princess Leia Organa
19%
Kumail Nanjiani Haja Estree
17%
Simone Kessell Breha Organa
14%
Jimmy Smits Senator Bail Organa
14%
Flea Vect Nokru
8%
Marisé Álvarez Nyche
0%
Maya Erskine Unknown
0%
O'Shea Jackson Jr. Unknown
0%
No matching quizzes found
Score Distribution
Percent of People with Each Score
Percentile by Number Answered
Your Score History
You have not taken this quiz